000 00675nas a2200229 4500
001 BR9606984
003 BR-BrBNA
005 20231205094927.0
007 ta
008 230509b bl.|||p| |||| 00| 00por d
040 _aBR-BrBNA
_bpor
_cBiblioteca Nacional de Agricultura
041 _a(Pt)
072 _aQ52
100 1 _aMuhlbach, P.R.F.
245 1 _aBiotecnologia: o papel dos aditivos biologicos na producao de silagens
650 _aSilagem
650 _aAditivo
650 _aPreservacao de Alimento
773 0 _tLavoura (Brazil)
_xISSN 0023-9135
_g(Jun 1996), v. 99(617) p. 24
_wBR9606984
909 _a202311
_bLúcia
_c55
_dLúcia Elande
942 _2AGRIS
_n0
_cANA
999 _c147776
_d147776